| 000 | 01339cam a22003857a 4500 | ||
|---|---|---|---|
| 003 | CHAP | ||
| 005 | 20220329140703.0 | ||
| 008 | 971013s1983 r 00010 d | ||
| 010 | _a56047 | ||
| 011 | _a57019 | ||
| 035 | _a61172 | ||
| 040 | _cCHAP | ||
| 090 | _aFolleto 10271 | ||
| 100 | 0 | 0 |
_aShenk, Myron D. _9105623 |
| 245 | 1 | 0 | _aLabranza mínima y no labranza en sistemas de producción de maíz (Zea mays) para áreas tropicales húmedas de Costa Rica |
| 260 |
_aTurrialba : _bCATIE, _c1983 |
||
| 300 |
_a45 p. _b; gráfs. |
||
| 490 | 0 |
_aSerie técnica: bolitín técnico _v; 8 |
|
| 590 |
_aBATCH-UPD _b10 _c20130110 _lUCH01 _h0305 |
||
| 590 |
_aBATCH-UPD _b10 _c20130110 _lUCH01 _h2049 |
||
| 590 |
_aBATCH-UPD _b10 _c20130409 _lUCH01 _h2337 |
||
| 590 |
_aBATCH-UPD _b10 _c20130410 _lUCH01 _h1402 |
||
| 590 |
_aBATCH-UPD _b10 _c20130914 _lUCH01 _h1712 |
||
| 590 |
_aCONVERSION _b10 _c20130109 _lUCH01 _h1330 |
||
| 650 | 1 | 4 |
_aLabranza cero. _964307 |
| 650 | 1 | 4 |
_aLabranza mínima. _964309 |
| 650 | 1 | 4 |
_aMaíz _xCosta Rica. _970914 |
| 700 | 0 |
_aEscobar, Germán. _937527 |
|
| 700 | 0 |
_aSaunders, Joseph. _9102755 |
|
| 830 | 0 |
_aSerie técnica: bolitín técnico _v; 8 _9105067 |
|
| 901 | _aBK | ||
| 942 | _cFOLL | ||
| 949 |
_aFolleto 10271 _bBC _cFOLL _d-131486 _eTS1 _i61172 _si |
||
| 949 |
_aFolleto 10271 _bBC _cFOLL _d611722 _eTS2 _fc.2 _i61172 _sb |
||
| 999 |
_c56047 _d56047 |
||